| 000 | 00698nam a2200253#a 4500 | ||
|---|---|---|---|
| 001 | 00741 | ||
| 003 | HDC | ||
| 007 | ta | ||
| 008 | 230623s2006 xx 000 0 eng d | ||
| 020 | _a13944428 (pbk.). | ||
| 040 | _aHDC | ||
| 050 |
_ajrn JH BP184.9 _b.J87 2008 |
||
| 245 | 0 |
_aJournal halal / _cJabatan Kemajuan Islam Malysia |
|
| 264 |
_aMalaysia _bJabatan Kemajuan Islam Malaysia _c-2006 |
||
| 300 |
_av. ; _b ill. ; _c 25cm |
||
| 500 | _aBil.1 (2006M/1427H) | ||
| 650 |
_aIslam _vPeriodicals |
||
| 650 |
_aIslam _xCustoms and practices _vPeriodicals |
||
| 650 |
_aReligious life _xIslam _vPeriodicals |
||
| 942 | _2lcc | ||
| 942 | _cBK | ||
| 942 | _kjrn JH BP184.9 | ||
| 942 | _m.J87 2008 | ||
| 999 |
_c22356 _d22356 |
||